Đặc điểm nhân vật trong tiểu thuyết Khái Hưng
Khái Hưng – một gương mặt tiêu biểu của Tự lực văn đoàn. Các kiểu nhân vật trong tiểu thuyết Khái Hưng. Nghệ thuật xây dựng nhân vật trong tiểu thuyết Khái Hưng
Guardado en:
| Autor principal: | |
|---|---|
| Otros Autores: | |
| Formato: | Libro |
| Lenguaje: | Vietnamese |
| Publicado: |
Đà Nẵng
Đại học Đà Nẵng
2015
|
| Materias: | |
| Etiquetas: |
Agregar Etiqueta
Sin Etiquetas, Sea el primero en etiquetar este registro!
|
| Thư viện lưu trữ: | Mạng thư viện Đại học Đà Nẵng |
|---|
| LEADER | 01668nam a2200349 4500 | ||
|---|---|---|---|
| 001 | 000023376 | ||
| 003 | 19827 | ||
| 005 | 20151204101247.0 | ||
| 008 | 151117s2015 viesd | ||
| 041 | |a vie | ||
| 082 | 1 | 4 | |a 895.922332 |b TR-A |
| 100 | 1 | |a Trần Đỗ Lan Anh | |
| 245 | 1 | |a Đặc điểm nhân vật trong tiểu thuyết Khái Hưng |c Trần Đỗ Lan Anh ; Nguyễn Phong Nam hướng dẫn. |k Luận văn Thạc sĩ | |
| 260 | |a Đà Nẵng |b Đại học Đà Nẵng |c 2015 | ||
| 300 | |a 88 tr., phụ lục 5 tr. |c 29 cm. |e Tóm tắt | ||
| 500 | |a Luận văn thạc sĩ Khoa học xã hội và nhân văn. Chuyên ngành: Văn học Việt Nam. Mã số: 60.22.01.21 | ||
| 520 | 3 | |a Khái Hưng – một gương mặt tiêu biểu của Tự lực văn đoàn. Các kiểu nhân vật trong tiểu thuyết Khái Hưng. Nghệ thuật xây dựng nhân vật trong tiểu thuyết Khái Hưng | |
| 600 | 1 | 4 | |a Khái Hưng |d 1896-1947 |
| 650 | 0 | 4 | |a Tiểu thuyết Việt Nam |v Luận văn tốt nghiệp |x Nghiên cứu |z Việt Nam |
| 653 | |a Tiểu thuyết Việt Nam | ||
| 653 | |a Văn học Việt Nam | ||
| 700 | 1 | |a Nguyễn Phong Nam |c PGS.TS. |e Hướng dẫn | |
| OWN | |a LSP | ||
| AVA | |a UDN50 |b LSP |d 895.922332 TR-A |e available |t Error 5001 Not defined in file expand_doc_bib_avail. |f 1 |g 0 |h N |i 0 |k 1 | ||
| 999 | |a From the UDN01 | ||
| AVA | |a UDN50 |b LSP |d 895.922332 TR-A |e available |t Error 5001 Not defined in file expand_doc_bib_avail. |f 1 |g 0 |h N |i 0 |k 1 | ||
| TYP | |a Monograph | ||
| TYP | |a Printed language | ||
| 980 | |a Mạng thư viện Đại học Đà Nẵng | ||